000 00624nam a2200193Ii 4500
003 JO-AjNU
008 230605s9999||||xx |||||||||||||| ||und||
040 _aJO-AjNU
_bara
_erda
_cJO-AjNU
041 _aara
050 1 4 _aTN871.A73 1982
100 3 _aعرب، نمر ,
_eauthor
_935721
245 0 0 _aالطرق السيزمية في عمليات التنقيب، ج1
264 3 1 _aدمشق:المطبعة التعاونية, 1982
300 _aج1، 206ص
336 _atext
_btxt
_2rdacontent
337 _aunmediated
_bn
_2rdamedia
338 _avolume
_bnc
_2rdacarrier
650 4 _aالطرق السيزمية
_935722
999 _aA14775
_c18343
_d18343